000 00798cam a2200217 a 4500
005 20160228100324.0
008 010222s2000 it gr 00010 spa d
020 _a9253043334
040 _ala
_cla
_dCO-BoIAVH
041 0 _aspa
044 _ait
082 0 4 _a639.21
_bI53i
245 0 0 _aIndicadores para el desarrollo sostenible de la captura marina.
260 _aRoma :
_bOrganización de las Naciones Unidas para la Agricultura y la Alimentación,
_c2000.
300 _a68 páginas ;
_c21 x 15 cm.
504 _aIncluye referencias bibliográficas.
650 2 6 _aIndustria pesquera
_x Aspectos socioeconómicos.
650 1 6 _aPesca
_x Administración.
710 2 _aOrganización de las Naciones Unidas para la Agricultura y la Alimentación
942 _2ddc
_cLIBRO
999 _c5048
_d5048